Learning Machine Translation (Record no. 2335)

MARC details
000 -LEADER
fixed length control field 00375nam a2200145Ia 4500
008 - FIXED-LENGTH DATA ELEMENTS--GENERAL INFORMATION
fixed length control field 130318s9999 xx 000 0 und d
020 ## - INTERNATIONAL STANDARD BOOK NUMBER
International Standard Book Number 9788120340558
082 ## - DEWEY DECIMAL CLASSIFICATION NUMBER
Classification number 006.31 GOU/L
100 ## - MAIN ENTRY--PERSONAL NAME
Personal name Goutte, Cyril et al.
245 ## - TITLE STATEMENT
Title Learning Machine Translation
260 ## - PUBLICATION, DISTRIBUTION, ETC.
Name of publisher, distributor, etc. PHI Learning
Place of publication, distribution, etc. New Delhi
Date of publication, distribution, etc. 2010
300 ## - PHYSICAL DESCRIPTION
Extent 316
650 ## - SUBJECT ADDED ENTRY--TOPICAL TERM
Topical term or geographic name entry element ALGORITHM
650 ## - SUBJECT ADDED ENTRY--TOPICAL TERM
Topical term or geographic name entry element MACHINE TRANSLATION
Holdings
Withdrawn status Lost status Source of classification or shelving scheme Damaged status Not for loan Home library Current library Shelving location Date acquired Cost, normal purchase price Total Checkouts Full call number Barcode Date last seen Date last checked out Price effective from Koha item type
    Dewey Decimal Classification     Kerala University of Digital Sciences, Innovation and Technology Knowledge Centre Kerala University of Digital Sciences, Innovation and Technology Knowledge Centre Languages 18/03/2013 276.00 1 418.020285 GOU/L 2353 02/04/2024 18/05/2023 18/03/2013 Books